[Event "Oberliga Sued W 2122"]
[Site "Germany"]
[Date "2022.05.01"]
[Round "9.1"]
[White "Perske, Thore"]
[Black "Mayer, Frank"]
[Result "1/2-1/2"]
[WhiteElo "2443"]
[BlackElo "2292"]
[PlyCount "79"]
[EventDate "2021.10.24"]
[EventType "team-tourn"]
[EventRounds "9"]
[EventCountry "GER"]
[SourceTitle "EXT 2023"]
[Source "ChessBase"]
[SourceDate "2022.10.05"]
[SourceVersion "1"]
[SourceVersionDate "2022.10.05"]
[SourceQuality "1"]
[WhiteTeam "Heidesheim"]
[BlackTeam "Illingen Turm"]
[WhiteTeamCountry "GER"]
[BlackTeamCountry "GER"]

1. e4 e6 2. d4 d5 3. Nd2 Nf6 4. e5 Nfd7 5. c3 c5 6. f4 Nc6 7. Ndf3 Qb6 8. a3 Be7 9. h4 0-0 10. Bd3 f5 11. Ne2 cxd4 12. cxd4 Na5 13. Rb1 Nb8 14. h5 Bd7 15. Nc3 Nb3 16. Be3 Nc6 17. Bb5 a6 18. Ba4 Nba5 19. Bc2 Nc4 20. Bc1 Qa5 21. Kf2 b5 22. Ne2 Qb6 23. Rg1 Be8 24. h6 Bh5 25. hxg7 Rf7 26. Rh1 Bxf3 27. Kxf3 Rxg7 28. g3 Kh8 29. Qd3 Rag8 30. Rh3 Qb8 31. Ra1 Qf8 32. Kf2 Rg6 33. Qf3 Rh6 34. Rxh6 Qxh6 35. b3 Nxd4 36. Nxd4 Bc5 37. Kg2 Bxd4 38. Rb1 Na5 39. Bd2 Nc6 40. Rh1 1/2-1/2

[Event "Oberliga Sued W 1920"]
[Site "Germany"]
[Date "2019.11.24"]
[Round "3.1"]
[White "Winterberg, Lukas"]
[Black "Mayer, Frank"]
[Result "1-0"]
[WhiteElo "2386"]
[BlackElo "2315"]
[PlyCount "89"]
[EventDate "2019.09.29"]
[EventType "team-tourn"]
[EventRounds "9"]
[EventCountry "GER"]
[SourceTitle "EXT 2021"]
[Source "ChessBase"]
[SourceDate "2020.10.23"]
[SourceVersion "1"]
[SourceVersionDate "2020.10.23"]
[SourceQuality "1"]

1. Nf3 f5 2. d3 Nc6 3. d4 e6 4. c4 Nf6 5. g3 Bb4+ 6. Bd2 Qe7 7. Bg2 Bxd2+ 8. Nbxd2 d6 9. 0-0 0-0 10. Nb1 e5 11. Nc3 Qf7 12. d5 Nb8 13. c5 Na6 14. cxd6 cxd6 15. Nb5 e4 16. Ng5 Qh5 17. Ne6 Bxe6 18. dxe6 Rfe8 19. e3 Qxd1 20. Rfxd1 d5 21. Nd6 Rxe6 22. Nxf5 Kf8 23. Rac1 g6 24. Nd4 Rb6 25. Rd2 Nb4 26. b3 Nc6 27. Bh3 Nxd4 28. exd4 a5 29. Rc7 a4 30. Rb2 axb3 31. Rxb3 Rc6 32. Rxc6 bxc6 33. Rb7 Rxa2 34. Be6 Ra4 35. g4 g5 36. Rf7+ Ke8 37. Rxf6 Ke7 38. Rh6 Rxd4 39. Bf5 Rd1+ 40. Kg2 c5 41. Rxh7+ Kd6 42. h4 gxh4 43. g5 Ra1 44. g6 Ra8 45. Rf7 1-0

[Event "Oberliga Ost-B 1617"]
[Site "Germany"]
[Date "2017.03.19"]
[Round "8.8"]
[White "Stork, Oliver"]
[Black "Mayer, Frank"]
[Result "1-0"]
[WhiteElo "1952"]
[BlackElo "2145"]
[PlyCount "49"]
[EventDate "2016.10.16"]
[EventType "team-tourn"]
[EventRounds "11"]
[EventCountry "GER"]
[SourceTitle "EXT 2018"]
[Source "ChessBase"]
[SourceDate "2017.10.13"]
[SourceVersion "1"]
[SourceVersionDate "2017.10.13"]
[SourceQuality "1"]
[WhiteTeam "Oberursel"]
[BlackTeam "Wiesbaden"]
[WhiteTeamCountry "GER"]
[BlackTeamCountry "GER"]

1. c4 b6 2. Nc3 e6 3. d4 Bb7 4. a3 f5 5. d5 exd5 6. cxd5 Nf6 7. g3 g6 8. Bg2 Bg7 9. Nh3 0-0 10. 0-0 Na6 11. Nf4 Nc5 12. Qc2 Re8 13. b4 Nce4 14. Bb2 Rc8 15. Rac1 a6 16. Rfd1 Qe7 17. e3 Nd6 18. Qb3 Nfe4 19. Nxe4 Nxe4 20. d6+ Qf7 21. Qxf7+ Kxf7 22. Bxg7 Kxg7 23. Rxc7 Rxc7 24. dxc7 Bc6 25. Nd5 1-0

[Event "Oberliga Ost-B 1617"]
[Site "Germany"]
[Date "2016.10.16"]
[Round "1.7"]
[White "Schaefer, Michael"]
[Black "Mayer, Frank"]
[Result "1-0"]
[WhiteElo "2166"]
[BlackElo "2145"]
[PlyCount "101"]
[EventDate "2016.10.16"]
[EventType "team-tourn"]
[EventRounds "11"]
[EventCountry "GER"]
[SourceTitle "EXT 2018"]
[Source "ChessBase"]
[SourceDate "2017.10.13"]
[SourceVersion "1"]
[SourceVersionDate "2017.10.13"]
[SourceQuality "1"]
[WhiteTeam "Moerlenbach Birkenau"]
[BlackTeam "Wiesbaden"]
[WhiteTeamCountry "GER"]
[BlackTeamCountry "GER"]

1. c4 c5 2. Nf3 g6 3. Nc3 Bg7 4. e3 Nf6 5. d4 cxd4 6. exd4 d5 7. Be2 0-0 8. 0-0 Nc6 9. Re1 Bg4 10. c5 e6 11. h3 Bxf3 12. Bxf3 Nd7 13. Be3 b6 14. cxb6 Nxb6 15. Rc1 Qd7 16. Be2 Ne7 17. Bb5 Qb7 18. Qe2 Nf5 19. Ba6 Qd7 20. Nb5 Nc4 21. b3 Ncd6 22. Red1 Nxb5 23. Bxb5 Qd6 24. Qb2 Qb6 25. Be2 Rac8 26. Rxc8 Rxc8 27. Bg4 Nd6 28. Bf3 Rc7 29. g4 Qa5 30. Bd2 Qb6 31. Bf4 Rc6 32. Kg2 Nb5 33. Be3 Qa5 34. a4 Nd6 35. Rc1 Qc7 36. Rxc6 Qxc6 37. Qd2 Qb6 38. Qc3 Qd8 39. Qc5 Qb6 40. Qxb6 axb6 41. Be2 Kf8 42. Kf1 Ke7 43. Ke1 Kd7 44. f3 f5 45. Kd2 Kc6 46. Kd3 h6 47. Bf4 g5 48. Be5 Bxe5 49. dxe5 Nb7 50. gxf5 exf5 51. Kd4 1-0

[Event "Oberliga Sued W 1516"]
[Site "Germany"]
[Date "2016.01.17"]
[Round "5.1"]
[White "Mayer, Frank"]
[Black "Carow, Johannes"]
[Result "1/2-1/2"]
[WhiteElo "2319"]
[BlackElo "2407"]
[PlyCount "58"]
[EventDate "2015.09.20"]
[EventType "team-tourn"]
[EventRounds "9"]
[EventCountry "GER"]
[SourceTitle "CBM 170 Extra"]
[Source "ChessBase"]
[SourceDate "2016.02.25"]
[SourceVersion "1"]
[SourceVersionDate "2016.02.25"]
[SourceQuality "1"]
[WhiteTeam "Illingen Turm"]
[BlackTeam "Heidesheim"]
[WhiteTeamCountry "GER"]
[BlackTeamCountry "GER"]

1. d4 Nf6 2. Nf3 g6 3. e3 Bg7 4. Be2 0-0 5. 0-0 d5 6. c4 dxc4 7. Na3 c5 8. Nxc4 Nc6 9. dxc5 Ne4 10. Qc2 Nxc5 11. Nce5 Nxe5 12. Qxc5 b6 13. Qa3 Bg4 14. Rd1 Qc7 15. Bd2 Qb7 16. Bc3 Bxf3 17. gxf3 Nxf3+ 18. Bxf3 Qxf3 19. Bxg7 Kxg7 20. Qxe7 Rfe8 21. Qd6 Re4 22. Rd4 Rae8 23. Rad1 R4e5 24. Rf4 Rg5+ 25. Kf1 Qh3+ 26. Ke2 Qh5+ 27. Kf1 Qh3+ 28. Ke2 Qh5+ 29. Kf1 Qh3+ 1/2-1/2

[Event "BL2-West 1314"]
[Site "Germany"]
[Date "2013.11.10"]
[Round "2.8"]
[White "Mayer, Frank"]
[Black "Schmittdiel, Eckhard"]
[Result "0-1"]
[WhiteElo "2169"]
[BlackElo "2428"]
[PlyCount "48"]
[EventDate "2013.10.13"]
[EventType "team-tourn"]
[EventRounds "9"]
[EventCountry "GER"]
[SourceTitle "EXT 2015"]
[Source "ChessBase"]
[SourceDate "2014.11.20"]
[SourceVersion "1"]
[SourceVersionDate "2014.11.20"]
[SourceQuality "1"]
[WhiteTeam "Wiesbaden"]
[BlackTeam "Dortmund Hansa"]
[WhiteTeamCountry "GER"]
[BlackTeamCountry "GER"]

1. e4 c5 2. c3 e6 3. d4 d5 4. exd5 exd5 5. Nf3 Nf6 6. Bg5 Be7 7. Be2 Qb6 8. Qb3 c4 9. Qxb6 axb6 10. Nbd2 h6 11. Bxf6 Bxf6 12. Nf1 0-0 13. Ne3 Be6 14. 0-0 Nc6 15. a3 b5 16. Rab1 g5 17. Nd2 Bg7 18. g3 f5 19. f4 Nxd4 20. cxd4 Bxd4 21. Kf2 g4 22. Rfe1 Rfe8 23. Bd1 Bd7 24. Ndf1 Ba7 0-1

[Event "Oberliga Sued W 1112"]
[Site "Germany"]
[Date "2012.01.15"]
[Round "5"]
[White "Wild, Achim"]
[Black "Mayer, Frank"]
[Result "1-0"]
[WhiteElo "2069"]
[BlackElo "2334"]
[PlyCount "53"]
[EventDate "2011.09.25"]
[EventType "team-tourn"]
[EventRounds "9"]
[EventCountry "GER"]
[SourceTitle "EXT 2013"]
[Source "ChessBase"]
[SourceDate "2012.11.22"]
[SourceVersion "1"]
[SourceVersionDate "2012.11.22"]
[SourceQuality "1"]
[WhiteTeam "Schwarzenbach"]
[BlackTeam "Illingen"]
[WhiteTeamCountry "GER"]
[BlackTeamCountry "GER"]

1. d4 f5 2. Nf3 Nf6 3. g3 g6 4. Bg2 Bg7 5. 0-0 0-0 6. b3 d6 7. Bb2 Qe8 8. c4 Na6 9. Qc2 Ne4 10. Nc3 Nxc3 11. Bxc3 c5 12. b4 cxd4 13. Nxd4 Nc7 14. Rad1 Rb8 15. f4 Qf7 16. Qd3 Bd7 17. e4 fxe4 18. Bxe4 Bh3 19. Rfe1 e5 20. Nf3 Bg4 21. Ng5 Qe7 22. Qxd6 Qxd6 23. Rxd6 exf4 24. Bxg7 Kxg7 25. Bxg6 hxg6 26. Re7+ Kh6 27. h4 1-0

[Event "Oberliga Sued W 1112"]
[Site "Germany"]
[Date "2011.12.11"]
[Round "4"]
[White "Fritsche, Lutz"]
[Black "Mayer, Frank"]
[Result "1-0"]
[WhiteElo "2330"]
[BlackElo "2334"]
[PlyCount "91"]
[EventDate "2011.09.25"]
[EventType "team-tourn"]
[EventRounds "9"]
[EventCountry "GER"]
[SourceTitle "EXT 2013"]
[Source "ChessBase"]
[SourceDate "2012.11.22"]
[SourceVersion "1"]
[SourceVersionDate "2012.11.22"]
[SourceQuality "1"]
[WhiteTeam "Koblenz"]
[BlackTeam "Illingen"]
[WhiteTeamCountry "GER"]
[BlackTeamCountry "GER"]

1. e4 c5 2. Nf3 e6 3. d4 cxd4 4. Nxd4 a6 5. Nc3 Qc7 6. a3 b5 7. f4 Bb7 8. e5 Nc6 9. Be3 Nh6 10. Bd3 Nxd4 11. Bxd4 Bxg2 12. Rg1 Bb7 13. Qe2 g6 14. 0-0-0 Nf5 15. Bxf5 gxf5 16. Qh5 Rc8 17. Kb1 a5 18. Qe2 Qc4 19. Qxc4 bxc4 20. Nb5 h5 21. Bc3 Bf3 22. Rd2 Rc5 23. a4 Bc6 24. Nd6+ Bxd6 25. exd6 f6 26. Bxf6 Rf8 27. Be7 Rh8 28. Rg7 c3 29. bxc3 Rc4 30. Rd4 Rxa4 31. h4 Rh6 32. Kb2 Bb5 33. Kb3 Ra1 34. Bg5 Rh8 35. c4 Bc6 36. Rd3 Rg1 37. Kb2 a4 38. c5 Kf8 39. Re7 Re1 40. Rg3 Re2 41. Bf6 Rg8 42. Bg7+ Rxg7 43. Rgxg7 Re3 44. Ref7+ Ke8 45. Rf6 a3+ 46. Kc1 1-0